<?xml version="1.0" encoding="UTF-8"?>
<collection xmlns="http://www.loc.gov/MARC21/slim">
 <record>
  <leader>01043nam a22002055a 4500</leader>
  <controlfield tag="001">EEA.libagro001178</controlfield>
  <controlfield tag="005">20180424125253.0</controlfield>
  <controlfield tag="008">130809s1958####ag#a##########000#0#spa#d</controlfield>
  <datafield tag="082" ind1="0" ind2="4">
   <subfield code="a">584.9</subfield>
  </datafield>
  <datafield tag="082" ind1="0" ind2="4">
   <subfield code="a">581.98212</subfield>
  </datafield>
  <datafield tag="100" ind1="1" ind2=" ">
   <subfield code="a">Parodi, Lorenzo R.</subfield>
   <subfield code="q">(Lorenzo Raimundo),</subfield>
   <subfield code="d">1895-1966.</subfield>
  </datafield>
  <datafield tag="245" ind1="1" ind2="0">
   <subfield code="a">Gramíneas bonaerenses :</subfield>
   <subfield code="b">clave para la determinación de los géneros y enumeración de las especies /</subfield>
   <subfield code="c">por Lorenzo R. Parodi.</subfield>
  </datafield>
  <datafield tag="250" ind1=" " ind2=" ">
   <subfield code="a">5a ed. corregida y aumentada.</subfield>
  </datafield>
  <datafield tag="260" ind1=" " ind2=" ">
   <subfield code="a">Buenos Aires :</subfield>
   <subfield code="b">Acme,</subfield>
   <subfield code="c">1958.</subfield>
  </datafield>
  <datafield tag="300" ind1=" " ind2=" ">
   <subfield code="a">142 p. :</subfield>
   <subfield code="b">il. ;</subfield>
   <subfield code="c">23 cm.</subfield>
  </datafield>
  <datafield tag="505" ind1="0" ind2=" ">
   <subfield code="a">I. Morfología -- II. Cariosistemática -- III. Taxonomía: la nueva clasificación de las Gramíneas -- IV. Enumeración de las especies -- V. Bibliografía -- VI. Índices de las subfamilias, tribus y géneros.</subfield>
  </datafield>
  <datafield tag="650" ind1=" " ind2="7">
   <subfield code="a">Gramíneas</subfield>
   <subfield code="z">Argentina</subfield>
   <subfield code="z">Buenos Aires (Provincia)</subfield>
   <subfield code="2">agrovoc</subfield>
  </datafield>
  <datafield tag="650" ind1=" " ind2="7">
   <subfield code="a">Botánica</subfield>
   <subfield code="z">Argentina</subfield>
   <subfield code="z">Buenos Aires (Provincia)</subfield>
   <subfield code="2">agrovoc</subfield>
  </datafield>
  <datafield tag="859" ind1=" " ind2=" ">
   <subfield code="a">AR-BbBCA</subfield>
   <subfield code="b">BIB. AGRONOMIA</subfield>
   <subfield code="h">584.9</subfield>
   <subfield code="i">P257a5</subfield>
   <subfield code="p">1961/0091</subfield>
  </datafield>
  <datafield tag="859" ind1=" " ind2=" ">
   <subfield code="a">AR-BbBCA</subfield>
   <subfield code="b">BIB. AGRONOMIA</subfield>
   <subfield code="h">584.9</subfield>
   <subfield code="i">P257a5</subfield>
   <subfield code="p">2006/5006</subfield>
   <subfield code="t">Ej.2</subfield>
  </datafield>
 </record>
</collection>
